|
|
|
|
| LEADER |
00892nam a2200229 a 4500 |
| 001 |
GR-Patra21621 |
| 008 |
070516s1990 gr g 000 0 fre d |
| 020 |
|
|
|a 2080664573
|
| 040 |
|
|
|a GrPaTEI
|b gre
|c GR-PaULI
|
| 040 |
|
|
|a GrPaTEI
|b gre
|c GR-PaULI
|
| 082 |
|
0 |
|a 384.5544
|2 21
|
| 100 |
1 |
|
|a Wolton, Dominique
|
| 245 |
1 |
0 |
|a Eloge du grand public :
|b une theorie critique de la television /
|c Dominique Wolton.
|
| 260 |
|
|
|a [France] :
|b Flammarion,
|c 1990
|
| 300 |
|
|
|a 319 σ.
|
| 650 |
|
0 |
|a Television broadcasting
|z France
|
| 650 |
|
4 |
|a Τηλεοπτικά προγράμματα
|z Γαλλία
|
| 710 |
0 |
|
|a Flammarion
|
| 942 |
|
|
|2 ddc
|
| 952 |
|
|
|0 0
|1 0
|2 ddc
|4 0
|6 384_554400000000000_WOL
|7 0
|9 301924
|a LISK
|b LISK
|c BSC
|d 2021-01-17
|e 24
|f 0
|g 0.00
|l 0
|o 384.5544 WOL
|p 92410030872
|r 2021-01-17 00:00:00
|t 1
|w 2021-01-17
|y BK15
|x 20070516 0 1
|x GrPaTEI
|
| 971 |
|
|
|a .b26691942
|b 15-04-20
|c 26-09-16
|
| 999 |
|
|
|c 175512
|d 175512
|